<?xml version="1.0" encoding="UTF-8"?>
<record
    xmlns:xsi="http://www.w3.org/2001/XMLSchema-instance"
    xsi:schemaLocation="http://www.loc.gov/MARC21/slim http://www.loc.gov/standards/marcxml/schema/MARC21slim.xsd"
    xmlns="http://www.loc.gov/MARC21/slim">

  <leader>01356nam a2200409 a 4500</leader>
  <datafield tag="999" ind1=" " ind2=" ">
    <subfield code="c">23971</subfield>
    <subfield code="d">23971</subfield>
  </datafield>
  <controlfield tag="001">vtls010035131</controlfield>
  <controlfield tag="005">20251024080815.0</controlfield>
  <controlfield tag="008">240318|2009    xo     f      000 0 slo  </controlfield>
  <datafield tag="020" ind1=" " ind2=" ">
    <subfield code="a">9788089392049</subfield>
    <subfield code="q">(bro&#x17E;.)</subfield>
  </datafield>
  <datafield tag="035" ind1=" " ind2=" ">
    <subfield code="a">69965365-59EC-4243-A76C-469A7344E2C8</subfield>
  </datafield>
  <datafield tag="035" ind1=" " ind2=" ">
    <subfield code="a">urn:nbn:sk:snk-amjfiv</subfield>
  </datafield>
  <datafield tag="035" ind1=" " ind2=" ">
    <subfield code="a">urn:nbn:sk:snk-am001z59</subfield>
  </datafield>
  <datafield tag="040" ind1=" " ind2=" ">
    <subfield code="a">HEVK</subfield>
    <subfield code="b">slo</subfield>
    <subfield code="c">HEVK</subfield>
    <subfield code="d">SNK</subfield>
    <subfield code="e">AACR2</subfield>
  </datafield>
  <datafield tag="041" ind1="0" ind2=" ">
    <subfield code="a">slo</subfield>
  </datafield>
  <datafield tag="044" ind1=" " ind2=" ">
    <subfield code="a">xo</subfield>
    <subfield code="c">SK</subfield>
  </datafield>
  <datafield tag="072" ind1=" " ind2="7">
    <subfield code="a">364-1/-7</subfield>
    <subfield code="x">Druhy soci&#xE1;lnej pomoci a slu&#x17E;ieb</subfield>
    <subfield code="2">konspekt</subfield>
  </datafield>
  <datafield tag="080" ind1=" " ind2=" ">
    <subfield code="a">316</subfield>
    <subfield code="2">2001</subfield>
  </datafield>
  <datafield tag="080" ind1=" " ind2=" ">
    <subfield code="a">364-32</subfield>
    <subfield code="2">2001</subfield>
  </datafield>
  <datafield tag="080" ind1=" " ind2=" ">
    <subfield code="a">364-43</subfield>
    <subfield code="2">2001</subfield>
  </datafield>
  <datafield tag="080" ind1=" " ind2=" ">
    <subfield code="a">(035)</subfield>
    <subfield code="2">2001</subfield>
  </datafield>
  <datafield tag="100" ind1="1" ind2=" ">
    <subfield code="a">Balogov&#xE1;, Be&#xE1;ta,</subfield>
    <subfield code="d">1964-</subfield>
    <subfield code="4">aut</subfield>
    <subfield code="9">5084</subfield>
  </datafield>
  <datafield tag="245" ind1="1" ind2="0">
    <subfield code="a">Vybran&#xE9; kapitoly zo sociol&#xF3;gie pre soci&#xE1;lnych a charitat&#xED;vnych pracovn&#xED;kov a pracovn&#xED;&#x10D;ky</subfield>
    <subfield code="c">Be&#xE1;ta Balogov&#xE1;</subfield>
  </datafield>
  <datafield tag="250" ind1=" " ind2=" ">
    <subfield code="a">2. vyd.</subfield>
  </datafield>
  <datafield tag="260" ind1=" " ind2=" ">
    <subfield code="a">Pre&#x161;ov</subfield>
    <subfield code="b">Menta media</subfield>
    <subfield code="c">2009</subfield>
  </datafield>
  <datafield tag="300" ind1=" " ind2=" ">
    <subfield code="a">75 s.</subfield>
    <subfield code="c">21 cm</subfield>
  </datafield>
  <datafield tag="650" ind1="0" ind2="7">
    <subfield code="a">sociol&#xF3;gia</subfield>
    <subfield code="2">SNKPH</subfield>
    <subfield code="9">5085</subfield>
  </datafield>
  <datafield tag="650" ind1="0" ind2="7">
    <subfield code="a">charitat&#xED;vni pracovn&#xED;ci</subfield>
    <subfield code="2">SNKPH</subfield>
    <subfield code="9">5086</subfield>
  </datafield>
  <datafield tag="650" ind1="0" ind2="7">
    <subfield code="a">soci&#xE1;lni pracovn&#xED;ci</subfield>
    <subfield code="2">SNKPHeng</subfield>
    <subfield code="9">5087</subfield>
  </datafield>
  <datafield tag="650" ind1="0" ind2="7">
    <subfield code="a">Sociology</subfield>
    <subfield code="2">SNKPHeng</subfield>
    <subfield code="9">5088</subfield>
  </datafield>
  <datafield tag="650" ind1="0" ind2="7">
    <subfield code="a">Charity workers</subfield>
    <subfield code="2">SNKPHeng</subfield>
    <subfield code="9">5089</subfield>
  </datafield>
  <datafield tag="650" ind1="0" ind2="7">
    <subfield code="a">Social workers</subfield>
    <subfield code="2">SNKPHeng</subfield>
    <subfield code="9">5090</subfield>
  </datafield>
  <datafield tag="655" ind1="0" ind2="7">
    <subfield code="a">pr&#xED;ru&#x10D;ky</subfield>
    <subfield code="2">SNKPH</subfield>
    <subfield code="9">1541</subfield>
  </datafield>
  <datafield tag="655" ind1="0" ind2="7">
    <subfield code="a">Handbooks, manuals, etc.</subfield>
    <subfield code="2">SNKPHeng</subfield>
    <subfield code="9">1630</subfield>
  </datafield>
  <datafield tag="958" ind1=" " ind2=" ">
    <subfield code="a">NB</subfield>
  </datafield>
  <datafield tag="958" ind1=" " ind2=" ">
    <subfield code="a">OND</subfield>
  </datafield>
  <datafield tag="952" ind1=" " ind2=" ">
    <subfield code="0">0</subfield>
    <subfield code="1">0</subfield>
    <subfield code="2">udc</subfield>
    <subfield code="4">0</subfield>
    <subfield code="7">0</subfield>
    <subfield code="8">D</subfield>
    <subfield code="a">10000</subfield>
    <subfield code="b">10000</subfield>
    <subfield code="d">2025-10-24</subfield>
    <subfield code="i">22327</subfield>
    <subfield code="o">S1599</subfield>
    <subfield code="p">S1599</subfield>
    <subfield code="r">2025-10-24</subfield>
    <subfield code="w">2025-10-24</subfield>
    <subfield code="y">OLDO</subfield>
  </datafield>
</record>
